000 00509pab a2200181 454500
008 180718b2001 xxu||||| |||| 00| 0 eng d
100 _aDatta, Prabhat
245 _aPerspectives on urbanisation and urban governance in West Bengal
260 _c2001
300 _ap.19-30.
362 _aOct-Dec
650 _aUrban development - India - West Bengal
650 _aUrbanization - India - West Bengal
650 _aUrbanization - India
650 _aUrbanization
773 _aNagarlok
909 _a53084
999 _c53084
_d53084